000 00763aam a2200277 i 4500
001 768714001
003 CO-MdFUSB
005 20251024153948.0
007 ta
008 251024t1947 ag |||| |||| 00| 0 spa d
040 _cCO-MdFUSB
041 0 _aspa
082 0 4 _223
_a252.02
_bE771s
100 1 _aEspada Marrero, J.
_eautor
245 1 0 _aLas siete antorchas de la vida cristiana :
_by otros bosquejos bíblicos
_c/ J. Espada Marrero
264 1 _bLa Aurora,
_aBuenos Aires, Argentina :
_c[1947]
264 4 _c©1947
300 _a209 páginas
336 _atexto
_btxt
_2rdacontent
337 _2rdamedia
_asin mediación
_bn
338 _2rdacarrier
_avolumen
_bnc
563 _aPasta dura
653 _aSermones
942 _cBK
945 _aJTF-925
999 _c36506
_d36506